| 000 | 00833nam a22002297a 4500 | ||
|---|---|---|---|
| 999 |
_c12283 _d12283 |
||
| 003 | AR-CdUCM | ||
| 008 | 190408b ||||| |||| 00| 0 spa d | ||
| 040 |
_aMUNICIPALIDAD PROVINCIAL DEL CUSCO _cBIBLIOTECA MUNICIPAL DEL CUSCO |
||
| 082 |
_aEP / 808.831 / _bM12 |
||
| 100 |
_aMacedo Perez, Vilma _930060 |
||
| 245 | _aCuentos para niños / | ||
| 260 |
_aCusco : _bImprenta Amauta, _c1993. |
||
| 300 |
_a54 paginas ; _bIlustraciones, Graficos, Dibujos, _c22 cm. |
||
| 500 | _aCuentos escolares | ||
| 505 | _aContenido: El griego y el inka -- el fenicio ambicioso -- los lavaderos de oro -- el sultan egoista -- el coral anhelado... | ||
| 650 |
_aCuentos infantiles _93927 |
||
| 650 |
_aLiteratura _983 |
||
| 650 |
_aEducación _9460 |
||
| 700 |
_aOlazábal, Fernando _930061 |
||
| 942 |
_2ddc _cLIBROS |
||
| 945 |
_apjha _d2019-04-08 |
||